Efficient secure two-party protocols techniques and constructions

Saved in:
Bibliographic Details
Main Authors Hazay, Carmit, 1976- (Author), Lindell, Yehuda, 1971- (Author)
Format eBook
LanguageEnglish
Published Heidelberg ; Dordrecht : Springer, 2010
SeriesInformation security and cryptography
Subjects
Online AccessFull text
ISBN9783642143038
DOI10.1007/978-3-642-14303-8
Physical Descriptionxiii, 263 s.

Cover

LEADER 00000nam a22000007a 4500
001 59109
003 CZ-ZlUTB
005 20251006165701.0
006 m d
007 cr cn
008 110225s2010 gw fs 001 0 eng d
999 |c 59109  |d 59109 
020 |a 9783642143038  |q (online) 
024 7 |a 10.1007/978-3-642-14303-8  |2 doi 
040 |a ZLD002  |b cze 
072 7 |a 003  |x Systémy psaní a písma. Sémiotika (obecně)  |2 Konspekt  |9 11 
080 |a 003.26  |2 MRF 
080 |a (0.034.2:08)  |2 MRF 
100 1 |a Hazay, Carmit,  |d 1976-  |7 utb2011626356  |4 aut 
245 1 0 |a Efficient secure two-party protocols  |h [elektronický zdroj] :  |b techniques and constructions /  |c Carmit Hazay, Yehuda Lindell 
260 |a Heidelberg ;  |a Dordrecht :  |b Springer,  |c 2010 
300 |a xiii, 263 s. 
490 1 |a Information security and cryptography 
500 |a Název z titulní obrazovky 
504 |a Obsahuje bibliografické odkazy a rejstřík 
506 |a Plný text je dostupný pouze z IP adres počítačů Univerzity Tomáše Bati ve Zlíně nebo vzdáleným přístupem pro zaměstnance a studenty univerzity 
533 |a Elektronická reprodukce 
538 |a Způsob přístupu: World Wide Web 
650 0 7 |a kryptografie  |7 ph127774  |2 czenas 
650 0 9 |a cryptography  |2 eczenas 
653 |a kryptografické protokoly 
655 7 |a elektronické knihy  |7 fd186907  |2 czenas 
655 9 |a electronic books  |2 eczenas 
700 1 |a Lindell, Yehuda,  |d 1971-  |7 utb2010557733  |4 aut 
830 0 |a Information security and cryptography 
856 4 0 |u https://proxy.k.utb.cz/login?url=https://doi.org/10.1007/978-3-642-14303-8 
910 |a ZLD002 
942 |2 udc 
992 |a BK  |c SPRINGER 
993 |x NEPOSILAT  |y EIZ